000
00269nam a2200109Ia 4500
008
220204s9999 xx 000 0 und d
082
_a
82-3
_b
BER
100
_a
Bern, Eric
245
0
_a
What do you say after you say hello
260
_a
Britain
_b
Corgi
_c
1983
942
_c
BK
999
_c
38622
_d
38622